书目信息 |
| 题名: |
曾国藩家训
|
|
| 作者: | 成晓军, , 唐兆梅, 编著 | |
| 分册: | 上 | |
| 出版信息: | 重庆 重庆出版社 2010.07 |
|
| 页数: | 178页 | |
| 开本: | 24cm | |
| 丛书名: | ||
| 单 册: | ||
| 中图分类: | B823.1 | |
| 科图分类: | ||
| 主题词: | 家庭道德--jia ting dao de--中国--清代 | |
| 电子资源: | ||
| ISBN: | 978-7-5366-8113-2 | |
| 000 | 00974nam0 2200241 450 | |
| 001 | 012007499985 | |
| 005 | 20111226142913.84 | |
| 010 | @a978-7-5366-8113-2@dCNY24.00 | |
| 100 | @a20070809d2010 km y0chiy0120 ea | |
| 101 | 0 | @achi |
| 102 | @aCN@b500000 | |
| 105 | @aac z 000ed | |
| 200 | 1 | @a曾国藩家训@Azeng guo fan jia xun@h上@f成晓军, 唐兆梅编著@Fcheng xiao jun,tang zhao mei bian zhu |
| 210 | @a重庆@c重庆出版社@d2010.07 | |
| 215 | @a178页@c图, 肖像@d24cm | |
| 330 | @a本书按诲弟篇,谕儿篇两个部分,分别从读书为人、从政治事、修身养生等几个层次,对曾国藩家训文字进行了分类,按照注释、标点、翻译、评价几个步骤进行编著,在介绍曾氏家训内容的同时,重点引导今人借鉴吸取有益成分。 | |
| 600 | 0 | @a曾国藩,@Azeng guo fan@f1811-1872@j书信集 |
| 606 | 0 | @a家庭道德@Ajia ting dao de@y中国@z清代 |
| 690 | @aB823.1@v4 | |
| 701 | 0 | @a成晓军,@Acheng xiao jun@f1953- @4编著 |
| 701 | 0 | @a唐兆梅,@Atang zhao mei@f1936- @4编著 |
| 801 | 0 | @aCN@c20111226 |
| 905 | @dB823.1@eC7211@f3 | |
| 曾国藩家训.上/成晓军, 唐兆梅编著.-重庆:重庆出版社,2010.07 |
| 178页:图, 肖像;24cm |
| ISBN 978-7-5366-8113-2:CNY24.00 |
| 本书按诲弟篇,谕儿篇两个部分,分别从读书为人、从政治事、修身养生等几个层次,对曾国藩家训文字进行了分类,按照注释、标点、翻译、评价几个步骤进行编著,在介绍曾氏家训内容的同时,重点引导今人借鉴吸取有益成分。 |
| ● |
| 相关链接 |
|
|
|
正题名:曾国藩家训
索取号:B823.1/C7211
 
预约/预借
| 序号 | 登录号 | 条形码 | 馆藏地/架位号 | 状态 | 备注 |
| 1 | 1068390 | 210683900 | 社科库509/509社科库 28排4列2层/ [索取号:B823.1/C7211] | 在馆 | |
| 2 | 1068391 | 210683919 | 社科库509/509社科库 28排4列2层/ [索取号:B823.1/C7211] | 在馆 | |
| 3 | 1068392 | 210683928 | 社科库509/509社科库 28排4列2层/ [索取号:B823.1/C7211] | 在馆 |